Normal view
MARC view
- Mohammadpour, Javad
Entry Personal Name
001 - CONTROL NUMBER
- control field: 84582
003 - CONTROL NUMBER IDENTIFIER
- control field: NUST
005 - DATE AND TIME OF LATEST TRANSACTION
- control field: 20211119114425.0
008 - FIXED-LENGTH DATA ELEMENTS
- fixed length control field: 211119|| aca||aabn | a|a d
040 ## - CATALOGING SOURCE
- Original cataloging agency: NUST
- Transcribing agency: NUST
100 ## - HEADING--PERSONAL NAME
- Personal name: Mohammadpour, Javad
670 ## - SOURCE DATA FOUND
- Source citation: Work cat.: (NUST)33163: Efficient modeling and control of large-scale systems /, c2010.
